Bilecik Bilecik Bilecik Bilecik Bilecik

Türklerde ahlâk ve dünya görüşü/ (Record no. 9552)

MARC details
000 -BAŞLIK
Sabit Uzunluktaki Kontrol Alanı 01658nam a22003377a 4500
001 - KONTROL NUMARASI
Control Dosyası 0009580
003 - KONTROL NUMARASI KİMLİĞİ
Kontrol Alanı KOHA_MİRAKIL
005 - EN SON İŞLEM TARİHİ ve ZAMANI
Kontrol Alanı 20260207001714.0
007 - FİZİKSEL TANIM SABİT ALAN - GENEL BİLGİ
Sabit uzunluklu kontrol alanı ta
008 - SABİT UZUNLUKTAKİ VERİ ÖGELERİ - GENEL BİLGİ
Sabit Alan 091021b2001 tu |||gr||||#||||0|tur |
020 ## - ISBN - ULUSLARARASI STANDART KİTAP NUMARASI
Isbn 9754373558
040 ## - KATALOGLAMA KAYNAĞI
Özgün Kataloglama Kurumu TR-BiSEU
Kataloglama Dili tur
Çeviri Kurumu TR-BiSEU
Açıklama Kuralları rda
041 0# - DİL KODU
Metin ya da ses kaydının dil kodu tur
044 ## - YAYINLAYAN/ÜRETEN KURULUŞUN ÜLKE KODU
ISO country code tu
050 ## - SINIFLAMA ve YER NUMARASI
Sınıflama Numarası BJ977
Yer Numarası .K45 2001
100 1# - KİŞİ ADI
Yazar Adı (Kişi adı) Keklik, Nihat.
245 1# - ESER ADI BİLDİRİMİ
Başlık Türklerde ahlâk ve dünya görüşü/
Sorumluluk Bildirimi Nihat Keklik ; Nihat Keklik.
264 #1 - ÜRERİM, YAYIN, DAĞITIM ve TELİF BİLDİRİMİ
Yayın yeri İstanbul :
Yayınlayan Ötüken
Yayın tarihi 2001
300 ## - FİZİKSEL TANIMLAMA
Sayfa, Cilt vb. 184 sayfa
336 ## - İÇERİK TÜRÜ
Content type term metin
Content type code txt
Source rdacontent
337 ## - MEDYA TÜRÜ
Media type term aracısız
Media type code n
Source rdamedia
338 ## - TAŞIYICI TÜRÜ
Carrier type term cilt
Carrier type code nc
Source rdacarrier
490 1# - DİZİ BİLDİRİMİ
Dizi Bildirimi Ötüken ;
Cilt Numarası yayın nu: 483 .
490 1# - DİZİ BİLDİRİMİ
Dizi Bildirimi Kültür serisi ;
Cilt Numarası 198
500 ## - GENEL NOT
Genel Not Kaynakça ve dizin var.
505 ## - İÇİNDEKİLER NOTU
İçindekiler Notu "Miladî 9. asırdan 20. asra kadar devam eden geniş bir zaman diliminde ahlak ve dünya görüşümüzü merak eden Araplar ile Avrupalılar bu alanda bir çok eserler ve seyahatnameler yayınlamıştır. Ben bu kitapları okurken kendi kendime şunu sordum: "Ortak sayılabilecek görüşlere sahip bu eserlerin müellifleri şayet aynı yıllarda yaşamış olsalardı, yuvarlak bir masa etrafında toplanıp da ortak bir eser yazsaydılar acaba nasıl bir eser yazardılar?" İşte bu sorudan yola çıkarak, onların görüşlerini sistemleştirmek ve ortak olan yönlerini tespit ederek, hepsi için müşterek sayılabilecek görüşler içeren bir kitap hazırlamayı faydalı gördüm."
650 #0 - KONU BAŞLIĞI EK GİRİŞ - KONU TERİMİ
Konusal terim veya coğrafi ad Ethics--Turkey--History.
9 (RLIN) 23690
830 1# - SERİ EK GİRİŞİ - TEKBİÇİM ESER ADI
Tekbiçim Başlık Ötüken ;
Volume number/sequential designation yayın nu: 483 .
9 (RLIN) 23324
830 1# - SERİ EK GİRİŞİ - TEKBİÇİM ESER ADI
Tekbiçim Başlık Kültür serisi ;
Volume number/sequential designation 198
9 (RLIN) 5523
942 ## - EK GİRİŞ ÖGELERİ (KOHA)
Source of classification or shelving scheme Library of Congress Classification
Koha item type Book
Holdings
Materyal Türü Kalıcı Konum Mevcut Konum Raf Yeri Sınıflandırma Kaynağı Edinim Bilgisi Ana Konular Alt Konular Yer Numarası Demirbaş Numarası Fatura Tarihi Maliyet, Alış Fiyatı Maliyet, Yenileme Fiyatı Geri Çekilme Durumu Kayıp Durumu Hasarlı Durumu Kredi için değil Kayıt Tarih Toplam Ödünçverme Son Görülme Tarihi Son Kontrol Tarihi Genel / Bağış Notu
Book Prof. Dr. Azmi Özcan Kütüphanesi Prof. Dr. Azmi Özcan Kütüphanesi Uluğbey Salonu Library of Congress Classification Bağış FELSEFE, PSİKOLOJİ, DİN Etik (Ahlak) BJ977 .K45 2001 0009580 13/08/2010 5.00 5.00         21/10/2009   05/12/2024 05/12/2024 Ötüken Yayınevi